Summa artis: historia general del arte
محفوظ في:
| المؤلف الرئيسي: | |
|---|---|
| التنسيق: | كتاب |
| اللغة: | الإسبانية |
| منشور في: |
Madrid
Espasa-Calpe
1931
|
| الموضوعات: | |
| الوسوم: |
إضافة وسم
لا توجد وسوم, كن أول من يضع وسما على هذه التسجيلة!
|
MARC
| LEADER | 00000nam a2200000 a 4500 | ||
|---|---|---|---|
| 001 | UCT3536 | ||
| 003 | CL-VaPUC | ||
| 008 | 961024e19310000SP |||||||||||||||||spa|d | ||
| 082 | 0 | 4 | |a 700.9 |b PIJ |2 21 |
| 100 | 0 | |a Pijoán, José |e author |9 372467 | |
| 245 | 1 | 0 | |a Summa artis: historia general del arte |
| 300 | |a v | ||
| 942 | |c BK | ||
| 945 | |d 19961024 00:00:00 |a paguirre | ||
| 260 | |a Madrid |b Espasa-Calpe |c 1931 | ||
| 500 | |a v.2: Arte de Asia occidental: Sumeria, Babilonia, Asina, Hititia, fenicia, Persia, Partia, Sosoania, Escitia | ||
| 500 | |a v.3: El arte egipcio: hasta la conquista romana | ||
| 500 | |a v.4: El arte griego: hasta la toma de Corintio por los romanos 146 a.J.C | ||
| 500 | |a v.5: El arte romano: hasta la muerte de Dioclesiano, arte etrusco y arte helenístico después de la toma de Coritno | ||
| 500 | |a v.6: El arte prehistórico europeo | ||
| 500 | |a v.7: Arte cristiano primitivo. Arte bizantino, hasta el saqueo de Constantinopla por los cruzados el año 1204 | ||
| 500 | |a v.9: El arte románico, siglos XI y XII | ||
| 500 | |a v.10: Arte precolombino, mexicano y maya | ||
| 500 | |a v.11: Arte gótico de la Europa occidental. Siglos XIII, XIV y XV | ||
| 500 | |a v.12: Arte islámico | ||
| 500 | |a v.14: Renacimiento romano y veneciano siglo XVI | ||
| 500 | |a v.13: Arte del periodo humanístico trecento y cuatrocento | ||
| 500 | |a v.15: Arte del renacimiento en el norte y el centro de Europa | ||
| 500 | |a v.8: Arte bárbaro y prerrománico desde el siglo IV hasta el año 1000 | ||
| 500 | |a v.16: Arte barroco de Francia, Italia, Alemania siglos XVII y XVIII | ||
| 500 | |a v.18: La escultura y la rejería españolas del siglo XVI | ||
| 500 | |a v.19: El arte de la india | ||
| 500 | |a v.20: El arte de la China | ||
| 500 | |a v.21: El arte del Japón | ||
| 500 | |a v.22: Pintura medieval española | ||
| 500 | |a v.23: Arte europeo de los siglos XIX y XX | ||
| 500 | |a v.24: Pintura española del siglo XVI | ||
| 650 | 0 | |a Artes |9 268202 | |
| 650 | 0 | |a Bellas artes |9 334299 | |
| 650 | 0 | |a Obras de arte |9 337253 | |
| 650 | 0 | |a Historia |9 255047 | |
| 650 | 0 | |a Artistas |9 262026 | |
| 583 | |a last modification |c 20171031 10:59:48 |k Rodrigo Vera | ||
| 999 | |c 253149 |d 253147 | ||
| 952 | |0 0 |1 0 |4 0 |6 700_900000000000000_PIJ_1931 |7 0 |8 F |9 273729 |a BIBARQ |b BIBARQ |d 2019-11-19 |h v.2 |i 1232797 |o 700.9 PIJ 1931 |p 1232797 |r 2025-01-20 |w 2019-11-19 |y BK_F |k ARQ | ||
| 952 | |0 0 |1 0 |4 0 |6 700_900000000000000_PIJ_1931 |7 0 |8 F |9 273730 |a BIBARQ |b BIBARQ |d 2019-11-19 |h v.3 |i 1232800 |o 700.9 PIJ 1931 |p 1232800 |r 2025-01-20 |w 2019-11-19 |y BK_F |k ARQ | ||
| 952 | |0 0 |1 0 |4 0 |6 700_900000000000000_PIJ_1931 |7 0 |8 F |9 273731 |a BIBARQ |b BIBARQ |d 2019-11-19 |h v.4 |i 1232819 |o 700.9 PIJ 1931 |p 1232819 |r 2025-01-20 |w 2019-11-19 |y BK_F |k ARQ | ||
| 952 | |0 0 |1 0 |4 0 |6 700_900000000000000_PIJ_1931 |7 0 |8 F |9 273732 |a BIBARQ |b BIBARQ |d 2019-11-19 |h v.5 |i 1232827 |o 700.9 PIJ 1931 |p 1232827 |r 2025-01-20 |w 2019-11-19 |y BK_F |k ARQ | ||
| 952 | |0 0 |1 0 |4 0 |6 700_900000000000000_PIJ_1931 |7 0 |8 F |9 273733 |a BIBARQ |b BIBARQ |d 2019-11-19 |h v.6 |i 1232835 |o 700.9 PIJ 1931 |p 1232835 |r 2025-01-20 |w 2019-11-19 |y BK_F |k ARQ | ||
| 952 | |0 0 |1 0 |4 0 |6 700_900000000000000_PIJ_1931 |7 0 |8 F |9 273734 |a BIBARQ |b BIBARQ |d 2019-11-19 |h v.7 |i 1232843 |o 700.9 PIJ 1931 |p 1232843 |r 2025-01-20 |w 2019-11-19 |y BK_F |k ARQ | ||
| 952 | |0 0 |1 0 |4 0 |6 700_900000000000000_PIJ_1931 |7 0 |8 F |9 273735 |a BIBARQ |b BIBARQ |d 2019-11-19 |h v.8 |i 1232851 |o 700.9 PIJ 1931 |p 1232851 |r 2025-01-20 |w 2019-11-19 |y BK_F |k ARQ | ||
| 952 | |0 0 |1 0 |4 0 |6 700_900000000000000_PIJ_1931 |7 0 |8 F |9 273736 |a BIBARQ |b BIBARQ |d 2019-11-19 |h v.9 |i 123286K |o 700.9 PIJ 1931 |p 123286K |r 2025-01-20 |w 2019-11-19 |y BK_F |k ARQ | ||
| 952 | |0 0 |1 0 |4 0 |6 700_900000000000000_PIJ_1931 |7 0 |8 F |9 273737 |a BIBARQ |b BIBARQ |d 2019-11-19 |h v.10 |i 1232878 |o 700.9 PIJ 1931 |p 1232878 |r 2025-01-20 |w 2019-11-19 |y BK_F |k ARQ | ||
| 952 | |0 0 |1 0 |4 0 |6 700_900000000000000_PIJ_1931 |7 0 |8 F |9 273738 |a BIBARQ |b BIBARQ |d 2019-11-19 |h v.11 |i 1232886 |o 700.9 PIJ 1931 |p 1232886 |r 2025-01-20 |w 2019-11-19 |y BK_F |k ARQ | ||
| 952 | |0 0 |1 0 |4 0 |6 700_900000000000000_PIJ_1931 |7 0 |8 F |9 273739 |a BIBARQ |b BIBARQ |d 2019-11-19 |h v.12 |i 1232894 |o 700.9 PIJ 1931 |p 1232894 |r 2025-01-20 |w 2019-11-19 |y BK_F |k ARQ | ||
| 952 | |0 0 |1 0 |4 0 |6 700_900000000000000_PIJ_1931 |7 0 |8 F |9 273740 |a BIBARQ |b BIBARQ |d 2019-11-19 |h v.13 |i 1232908 |o 700.9 PIJ 1931 |p 1232908 |r 2025-01-20 |w 2019-11-19 |y BK_F |k ARQ | ||
| 952 | |0 0 |1 0 |4 0 |6 700_900000000000000_PIJ_1931 |7 0 |8 F |9 273741 |a BIBARQ |b BIBARQ |d 2019-11-19 |h v.14 |i 1232916 |o 700.9 PIJ 1931 |p 1232916 |r 2025-01-20 |w 2019-11-19 |y BK_F |k ARQ | ||
| 952 | |0 0 |1 0 |4 0 |6 700_900000000000000_PIJ_1931 |7 0 |8 F |9 273742 |a BIBARQ |b BIBARQ |d 2019-11-19 |h v.15 |i 1232924 |o 700.9 PIJ 1931 |p 1232924 |r 2025-01-20 |w 2019-11-19 |y BK_F |k ARQ | ||
| 952 | |0 0 |1 0 |4 0 |6 700_900000000000000_PIJ_1931 |7 0 |8 F |9 273743 |a BIBARQ |b BIBARQ |d 2019-11-19 |h v.16 |i 1232932 |o 700.9 PIJ 1931 |p 1232932 |r 2025-01-20 |w 2019-11-19 |y BK_F |k ARQ | ||
| 952 | |0 0 |1 0 |4 0 |6 700_900000000000000_PIJ_1931 |7 0 |8 F |9 273744 |a BIBARQ |b BIBARQ |d 2019-11-19 |h v.18 |i 1232940 |o 700.9 PIJ 1931 |p 1232940 |r 2025-01-20 |w 2019-11-19 |y BK_F |k ARQ | ||
| 952 | |0 0 |1 0 |4 0 |6 700_900000000000000_PIJ_1931 |7 0 |8 F |9 273745 |a BIBARQ |b BIBARQ |d 2019-11-19 |h v.19 |i 1232959 |o 700.9 PIJ 1931 |p 1232959 |r 2025-01-20 |w 2019-11-19 |y BK_F |k ARQ | ||
| 952 | |0 0 |1 0 |4 0 |6 700_900000000000000_PIJ_1931 |7 0 |8 F |9 273746 |a BIBARQ |b BIBARQ |d 2019-11-19 |h v.20 |i 1232967 |o 700.9 PIJ 1931 |p 1232967 |r 2025-01-20 |w 2019-11-19 |y BK_F |k ARQ | ||
| 952 | |0 0 |1 0 |4 0 |6 700_900000000000000_PIJ_1931 |7 0 |8 F |9 273747 |a BIBARQ |b BIBARQ |d 2019-11-19 |h v.21 |i 1232975 |o 700.9 PIJ 1931 |p 1232975 |r 2025-01-20 |w 2019-11-19 |y BK_F |k ARQ | ||
| 952 | |0 0 |1 0 |4 0 |6 700_900000000000000_PIJ_1931 |7 0 |8 F |9 273748 |a BIBARQ |b BIBARQ |d 2019-11-19 |h v.22 |i 1232983 |o 700.9 PIJ 1931 |p 1232983 |r 2025-01-20 |w 2019-11-19 |y BK_F |k ARQ | ||
| 952 | |0 0 |1 0 |4 0 |6 700_900000000000000_PIJ_1931 |7 0 |8 F |9 273749 |a BIBARQ |b BIBARQ |d 2019-11-19 |h v.23 |i 1232991 |o 700.9 PIJ 1931 |p 1232991 |r 2025-01-20 |w 2019-11-19 |y BK_F |k ARQ | ||
| 952 | |0 0 |1 0 |4 0 |6 700_900000000000000_PIJ_1931 |7 0 |8 F |9 273750 |a BIBARQ |b BIBARQ |d 2019-11-19 |h v.24 |i 1233009 |o 700.9 PIJ 1931 |p 1233009 |r 2025-01-20 |w 2019-11-19 |y BK_F |k ARQ | ||